000 00699nam a2200229 a 4500
001 73460
003 BD-RjUL
005 20211209082410.0
008 170601s1965 nyua b 001 0 eng d
035 _a(BD-RjUL)73678
040 _aDLC/ICU
_cICU
_dDLC
_dBD-RjUL
_beng
041 _aeng
082 0 0 _223
_a621.3815
_bMIC 1965
245 1 0 _aMicroelectronic circuits and applications /
_cJohn M. Carroll.
260 _aNew York :
_bMcGraw-Hill,
_cc1965
300 _avii, 360 p. :
_bill. ;
_c29 cm.
504 _aIncludes bibliographical references and index
650 0 _aMicroelectronics.
_9217327
700 _aCarroll, John M.
_q(John Millar),
_9217337
942 _2ddc
_cBK
999 _c73460
_d73460